| 000 | 01616nam a2200409Ii 4500 | ||
|---|---|---|---|
| 001 | DIGDYK0969 | ||
| 003 | NyNyDIG | ||
| 008 | 170221s2015 sp ob 000 0 spa d | ||
| 006 | m o d | ||
| 007 | cr ||||||||||| | ||
| 035 | _a(OCoLC)951593758 | ||
| 040 |
_aDGITA _beng _erda _epn _cDGITA |
||
| 020 |
_a9788490855973 _q(eBook) |
||
| 020 |
_a8490855978 _q(eBook) |
||
| 020 | _z9788490855744 | ||
| 020 | _z8490855749 | ||
| 050 | 1 | 4 | _aKKT920 ebook |
| 082 | 0 | 4 |
_a343.080946 _a349.46308 |
| 100 | 1 |
_aPerona Tomás, Dionisio A., _eauthor. |
|
| 245 | 1 | 0 |
_aNotas sobre el proceso de la codificación mercantil en la España del siglo XIX / _cDionisio A. Perona Tomás. |
| 264 | 1 |
_aMadrid : _bDykinson, S.L., _c[2015] |
|
| 300 | _a1 online resource. | ||
| 336 |
_atext _btxt _2rdacontent |
||
| 337 |
_acomputer _bc _2rdamedia |
||
| 338 |
_aonline resource _bcr _2rdacarrier |
||
| 504 | _aIncludes bibliographical references. | ||
| 588 | 0 | _aOnline resource; title from PDF title page (Digitalia, viewed February 21, 2017) | |
| 650 | 0 |
_aCommercial law _zSpain _xCodification. |
|
| 650 | 0 |
_aCivil law _zSpain _xCodification. |
|
| 655 | 0 | _aElectronic books. | |
| 791 | 2 |
_aDigitalia (Firm), _edistributor. |
|
| 793 | 0 |
_gDigitalia eBook Collection: _aDykinson Editorial |
|
| 776 | 0 | 8 |
_iPrint version: _aPerona Tomás, Dionisio A. _tNotas sobre el proceso de la codificación mercantil en la España del siglo XIX. _dMadrid : Dykinson, 2015 _z9788490855744 _w(OCoLC)931879730 |
| 856 | 4 | 0 |
_3Digitalia Hispánica _uhttps://www.digitaliapublishing.com/a/42531/ |
| 910 | _aPremium Collection: 2017 | ||
| 942 | _cRAA | ||
| 999 |
_c247329 _d247329 |
||